000 01419nam a2200229 4500
001 83279
003 BD-RjUL
005 20240310113457.0
008 220915s1956 p ||||| |||| 00| 0 urd d
035 _a(BD-RjUL) 83279
040 _aBD-RjUL
_beng
_cBD-RjUL
041 _aurd
082 _223
_a297.125612
_bZAH 1956
100 1 _a Zahra Mohammad Abu ### زهرة , محمد ابو
_94839
245 1 0 _aحیات امام احمد بن حنبل # # Imam ahmad bn hanbal : حضرت الامام,أحمد بن محمدبن حنبل كےحالات و سوانح ؛ امام صحب کے زمانہ ،ان کےافکار ،اور فقہ اسلامی مییحنبلی فقہ کی اتیازی حیثیت کا تفصیلی تذکرہ
_cMuhammad Abu Zahra, translated by Sayed Rais Ahmed Jafari Nadwi #### محمد أبو زهره ; ترجمه سيد رئيس احمد جعفري ندوي
260 _aLahore :
_bAl-maktubat al Salafiah ,
_c1956
300 _a508 p. ;
_c23 cm
505 _a حضرت الامام,أحمد بن محمدبن حنبل كےحالات و سوانح ؛ امام صحب کے زمانہ ،ان کےافکار ،اور فقہ اسلامی مییحنبلی فقہ کی اتیازی حیثیت کا تفصیلی تذکرہ
600 _aإبن حنبل، أحمد بن محمد, الامام,
_d780-855
_94840
600 _aIbn Hanbal, Ahmad Ibn Muhammad, Imam,
_94841
942 _2ddc
_cBK
999 _c83279
_d83279